Haggard Hawks - Chain Letters Quiz Stats

 Plays Quiz not verified by Sporcle

Score 0/40 Timer 05:00
0 Plays Today
% Correct
fear
93.6%
fedora
93.2%
world
92.5%
drole
91.6%
fared
90.8%
hearty
89.1%
lord
88.5%
reload
87.2%
father
85.6%
hydrate
85.1%
earth
84.7%
adore
84.7%
dearth
84.5%
tailored
81.3%
trade
80.8%
leotard
79.2%
after
79.2%
orated
77.9%
trailed
75.7%
litre
74.4%
% Correct
retail
73.6%
kilter
70.1%
thicker
64.5%
ricket
60.7%
trickle
59.3%
thrice
57.8%
christen
57%
cistern
56.7%
winters
53.1%
insert
52.8%
richest
52.7%
wrens
43.7%
strewn
42.9%
answer
39.8%
wardens
38.8%
sander
35.7%
undersea
32.2%
grenades
30.7%
asunder
29.7%
dungarees
25.7%

You're not logged in!

Compare scores with friends on all Sporcle quizzes.
OR
Log In

You Might Also Like...

Show Comments

Extras

Top Quizzes Today


Score Distribution

Your Account Isn't Verified!

In order to create a playlist on Sporcle, you need to verify the email address you used during registration. Go to your Sporcle Settings to finish the process.

Report this User

Report this user for behavior that violates our Community Guidelines.

Details: